"Like" Similes #2 - Statistics

General Stats
  • This quiz has been taken 38,031 times
    13,225 since last reset
  • The average score is 15 of 21
Answer Stats
Simile % Correct
Like a hot {knife} through butter
95%
Like taking {candy} from a baby
91%
Like a {dog} with a bone
90%
Like a {deer} in the headlights
89%
{Fall} like dominoes
88%
{Stick} out like a sore thumb
88%
Like a {bull} in a china shop
87%
Like {water} off a duck's back
87%
Sly like a {fox}
86%
Breed like {rabbits}
81%
{Grin} like a Cheshire cat
78%
Like a {moth} to a flame
76%
{Spread} like wildfire
76%
Like shooting {fish} in a barrel
75%
Hungry like the {wolf}
69%
{Curse} like a sailor
58%
{Shake} it like a polaroid picture
57%
Like {ships} passing in the night
56%
Like {white} on rice
46%
{Drop} like a hot potato
42%
Like a {bolt} from the blue
35%
No matching quizzes found
Score Distribution
Percent of People with Each Score
Percentile by Number Answered
Your Score History
You have not taken this quiz since the last reset